000 00396nam a2200145Ia 4500
008 230917s9999||||xx |||||||||||||| ||und||
040 _e255746
_aMAIN
041 _aEnglish
082 _a658.8 Y21D
100 _aYadav, Ritu
245 0 _aDeterminants of employer branding and its impact on employer attractiveness in banking sector
260 _c2018
300 _axiv, 164 p.
942 _cTH
999 _c128426
_d128426